[Event "WLS-ch"]
[Site "Ogmore-by-Sea"]
[Date "1992.04.18"]
[Round "3"]
[White "Evans, Carl"]
[Black "Martin, David"]
[Result "1/2-1/2"]
[WhiteElo "1830"]
[BlackElo "1900"]
[PlyCount "117"]
[EventDate "1992.04.17"]
[EventType "swiss"]
[EventRounds "7"]
[EventCountry "WLS"]
[SourceTitle "BritBase"]
[Source "John Saunders"]
[SourceDate "2024.03.28"]
[SourceVersion "1"]
[SourceVersionDate "2024.03.28"]
[SourceQuality "1"]

1. g3 e5 2. Bg2 f5 3. c3 Nf6 4. d4 e4 5. h4 d5 6. Nh3 c5 7. Bg5 cxd4 8. cxd4
Qb6 9. Qd2 Nc6 10. e3 Bd6 11. Nc3 Be6 12. Bf4 Be7 13. Bf1 a6 14. Be2 h6 15. Kf1
Rg8 16. Kg2 Rd8 17. Rac1 Bf7 18. Na4 Qa7 19. Bc7 Rc8 20. Bb6 Qb8 21. Bc5 Qc7
22. Nb6 Rd8 23. b4 Bxc5 24. bxc5 g5 25. hxg5 hxg5 26. a4 Bh5 27. Ng1 Bf7 28.
Nh3 Nh5 29. Qd1 Nf6 30. Qd2 Nh5 31. Rcg1 f4 32. gxf4 gxf4+ 33. Kf1 Rxg1+ 34.
Rxg1 f3 35. Bd1 Nf6 36. Nf4 Nh5 37. Bb3 Ne7 38. Ke1 Qc6 39. a5 Qh6 40. Kd1 Nxf4
41. exf4 Kf8 42. Kc2 Qh2 43. Rg5 Qh1 44. Kb2 Qf1 45. f5 Nc6 46. f6 Qe2 47. Kc1
Qxd2+ 48. Kxd2 Nxd4 49. Ba2 Nc6 50. Ke1 Nb4 51. Bb1 Be8 52. Kd2 Bf7 53. Rg7 Nc6
54. Rh7 Nxa5 55. Ke3 Nc6 56. Kf4 Nb4 57. Kf5 Kg8 58. Rg7+ Kf8 59. Rh7 1/2-1/2

[Event "WLS-ch"]
[Site "Ogmore-by-Sea"]
[Date "1992.04.18"]
[Round "3"]
[White "Gilbert, Jonathan A"]
[Black "Jones, Iolo Cerredig"]
[Result "1/2-1/2"]
[WhiteElo "2060"]
[BlackElo "2285"]
[PlyCount "95"]
[EventDate "1992.04.17"]
[EventType "swiss"]
[EventRounds "7"]
[EventCountry "WLS"]
[SourceTitle "BritBase"]
[Source "John Saunders"]
[SourceDate "2024.03.28"]
[SourceVersion "1"]
[SourceVersionDate "2024.03.28"]
[SourceQuality "1"]

1. d4 Nf6 2. c4 d6 3. Nc3 e5 4. d5 Nbd7 5. e4 Nc5 6. f3 a5 7. Be3 Be7 8. Qd2
O-O 9. Nge2 Ne8 10. g4 h6 11. Ng3 Bg5 12. Bxg5 Qxg5 13. Qxg5 hxg5 14. O-O-O g6
15. h4 gxh4 16. Rxh4 Kg7 17. Be2 Rh8 18. Rxh8 Kxh8 19. g5 Kg7 20. Rf1 Nd7 21.
Bd1 Nf8 22. Nge2 c6 23. f4 exf4 24. Nxf4 Nd7 25. Nd3 Nc7 26. a4 Na6 27. b3 Nb4
28. Nxb4 axb4 29. Ne2 c5 30. Kd2 Ne5 31. Rf6 Ra6 32. Ng3 Bg4 33. Bxg4 Nxg4 34.
Rf4 Ne5 35. Nf1 Ra8 36. Rf6 Rd8 37. Ne3 Kf8 38. Rf4 Ke7 39. Ng4 Nxg4 40. Rxg4
Rh8 41. Rg3 Rh2+ 42. Ke3 Rc2 43. Rf3 b6 44. Kf4 Rc3 45. Kg4 Rc1 46. Kf4 Rc2 47.
Ke3 Rc3+ 48. Kf2 1/2-1/2

[Event "WLS-ch"]
[Site "Ogmore-by-Sea"]
[Date "1992.04.18"]
[Round "3"]
[White "Miles, Richard J"]
[Black "Sheehan, Anthony"]
[Result "1/2-1/2"]
[WhiteElo "2100"]
[BlackElo "2010"]
[PlyCount "59"]
[EventDate "1992.04.17"]
[EventType "swiss"]
[EventRounds "7"]
[EventCountry "WLS"]
[SourceTitle "BritBase"]
[Source "John Saunders"]
[SourceDate "2024.03.28"]
[SourceVersion "1"]
[SourceVersionDate "2024.03.28"]
[SourceQuality "1"]

1. c4 e5 2. Nc3 Nf6 3. g3 g6 4. Bg2 Bg7 5. Nf3 d6 6. O-O O-O 7. d4 exd4 8. Nxd4
c6 9. e4 Re8 10. h3 Nbd7 11. Be3 Nf8 12. Qd2 Qe7 13. Rad1 Rd8 14. f4 Nh5 15.
Kh2 Ne6 16. Nf3 b5 17. cxb5 cxb5 18. Nd5 Qb7 19. g4 Nf6 20. Nxf6+ Bxf6 21. Nd4
Nxd4 22. Bxd4 Bxd4 23. Qxd4 Qe7 24. e5 d5 25. Bxd5 Bb7 26. Qe4 Rxd5 27. Rxd5
Bxd5 28. Qxd5 Rd8 29. Qg2 g5 30. Rf2 1/2-1/2

[Event "WLS-ch"]
[Site "Ogmore-by-Sea"]
[Date "1992.04.18"]
[Round "3"]
[White "Morris, Gareth"]
[Black "Bennett, Roger BA"]
[Result "1-0"]
[WhiteElo "1975"]
[BlackElo "1905"]
[PlyCount "113"]
[EventDate "1992.04.17"]
[EventType "swiss"]
[EventRounds "7"]
[EventCountry "WLS"]
[SourceTitle "BritBase"]
[Source "John Saunders"]
[SourceDate "2024.03.28"]
[SourceVersion "1"]
[SourceVersionDate "2024.03.28"]
[SourceQuality "1"]

1. d4 Nf6 2. c4 g6 3. Nc3 d5 4. Bg5 Ne4 5. Bf4 Nxc3 6. bxc3 dxc4 7. e3 Bg7 8.
Bxc4 O-O 9. Ne2 c5 10. O-O cxd4 11. cxd4 Nc6 12. Rc1 e5 13. dxe5 Bxe5 14. Bxe5
Nxe5 15. Qxd8 Rxd8 16. Bb3 Bf5 17. Nd4 Be4 18. Rc7 Rac8 19. Rfc1 Rxc7 20. Rxc7
Rd7 21. Rxd7 Nxd7 22. Nb5 Nc5 23. Nxa7 Nxb3 24. axb3 Bc2 25. b4 Bd3 26. Nc8 Kf8
27. f4 Kg7 28. Nd6 b6 29. Nc8 b5 30. Nb6 Kf6 31. Nd5+ Kf5 32. Nc3 g5 33. g3
gxf4 34. exf4 Kg4 35. Kg2 Kf5 36. Kf3 h5 37. Nd1 Be4+ 38. Ke3 Bg2 39. Nf2 Ke6
40. Kd4 Kd6 41. Ne4+ Ke6 42. Nc3 Bf1 43. Nd1 Kd6 44. Ne3 Be2 45. Ke4 Ke6 46.
f5+ Kd6 47. Kf4 f6 48. Ke4 Kc6 49. Nc2 Bf1 50. Ne3 Be2 51. h3 Kd6 52. Nd5 Bd3+
53. Kxd3 Kxd5 54. g4 Ke5 55. Ke3 h4 56. Kf3 Kd6 57. Kf4 1-0

[Event "WLS-ch"]
[Site "Ogmore-by-Sea"]
[Date "1992.04.18"]
[Round "3"]
[White "Rayner, Francis"]
[Black "O'Neill, Paul A"]
[Result "1-0"]
[WhiteElo "2225"]
[BlackElo "2180"]
[PlyCount "49"]
[EventDate "1992.04.17"]
[EventType "swiss"]
[EventRounds "7"]
[EventCountry "WLS"]
[SourceTitle "BritBase"]
[Source "John Saunders"]
[SourceDate "2024.03.28"]
[SourceVersion "1"]
[SourceVersionDate "2024.03.28"]
[SourceQuality "1"]

1. e4 c5 2. Nf3 d6 3. d4 cxd4 4. Nxd4 Nf6 5. Nc3 a6 6. Bg5 e6 7. f4 Be7 8. Qf3
Qc7 9. O-O-O Nbd7 10. Qg3 O-O 11. Bd3 Re8 12. Rhe1 Nc5 13. e5 dxe5 14. fxe5
Nxd3+ 15. Rxd3 Nd5 16. Nxd5 exd5 17. h4 Bd7 18. Bh6 Bf8 19. h5 Kh8 20. Bf4 Qa5
21. Kb1 Rac8 22. e6 Bxe6 23. Nxe6 fxe6 24. Be5 Rc4 25. Rf1 1-0

[Event "WLS-ch"]
[Site "Ogmore-by-Sea"]
[Date "1992.04.18"]
[Round "3"]
[White "Rees, Gwynfor"]
[Black "Fletcher, John"]
[Result "0-1"]
[WhiteElo "2010"]
[BlackElo "1885"]
[PlyCount "62"]
[EventDate "1992.04.17"]
[EventType "swiss"]
[EventRounds "7"]
[EventCountry "WLS"]
[SourceTitle "BritBase"]
[Source "John Saunders"]
[SourceDate "2024.03.28"]
[SourceVersion "1"]
[SourceVersionDate "2024.03.28"]
[SourceQuality "1"]

1. d4 Nf6 2. Nf3 d5 3. c4 e6 4. cxd5 exd5 5. Nc3 Nbd7 6. Bg5 Bb4 7. e3 c5 8.
Bd3 Qa5 9. Qc2 c4 10. Bf5 O-O 11. O-O g6 12. Bxd7 Nxd7 13. e4 Bxc3 14. bxc3 Nb6
15. e5 Bf5 16. Qd2 Nd7 17. Bh6 Rfe8 18. Rfe1 Re6 19. Ng5 Rb6 20. Qf4 Be6 21.
Qh4 Qxc3 22. Nxh7 Bf5 23. Nf6+ Nxf6 24. exf6 Re6 25. Be3 Rae8 26. g4 Bd3 27. h3
Qa3 28. Qh6 Rxf6 29. Bg5 Rfe6 30. Bf6 Rxe1+ 31. Kh2 Qd6+ 0-1

[Event "WLS-ch"]
[Site "Ogmore-by-Sea"]
[Date "1992.04.18"]
[Round "3"]
[White "Richmond, Peter Allan"]
[Black "James, David J"]
[Result "1/2-1/2"]
[WhiteElo "2220"]
[BlackElo "2225"]
[PlyCount "46"]
[EventDate "1992.04.17"]
[EventType "swiss"]
[EventRounds "7"]
[EventCountry "WLS"]
[SourceTitle "BritBase"]
[Source "John Saunders"]
[SourceDate "2024.03.28"]
[SourceVersion "1"]
[SourceVersionDate "2024.03.28"]
[SourceQuality "1"]

1. e4 c5 2. Nf3 d6 3. d4 cxd4 4. Nxd4 Nf6 5. Nc3 a6 6. Bc4 e6 7. Bb3 b5 8. O-O
Be7 9. Qf3 Qc7 10. Qg3 O-O 11. Bh6 Ne8 12. Rad1 Kh8 13. Be3 Bb7 14. Bxe6 fxe6
15. Nxe6 Qc8 16. Nxf8 Bxf8 17. e5 dxe5 18. Qxe5 Nd7 19. Qe6 Ndf6 20. Qxc8 Rxc8
21. f3 Kg8 22. Rf2 Nd6 23. Re2 b4 1/2-1/2

[Event "WLS-ch"]
[Site "Ogmore-by-Sea"]
[Date "1992.04.18"]
[Round "3"]
[White "Rizvi, Nasir"]
[Black "Perrett, David C"]
[Result "1-0"]
[WhiteElo "1990"]
[BlackElo "2085"]
[PlyCount "59"]
[EventDate "1992.04.17"]
[EventType "swiss"]
[EventRounds "7"]
[EventCountry "WLS"]
[SourceTitle "BritBase"]
[Source "John Saunders"]
[SourceDate "2024.03.28"]
[SourceVersion "1"]
[SourceVersionDate "2024.03.28"]
[SourceQuality "1"]

1. e4 d6 2. d4 Nf6 3. Nc3 g6 4. Bc4 c6 5. Qe2 b5 6. e5 dxe5 7. dxe5 Ng4 8. Bb3
Bg7 9. e6 f5 10. Nf3 Na6 11. Ng5 O-O 12. h3 Nf6 13. Bd2 Nc5 14. O-O-O a5 15. a4
b4 16. Na2 Nxb3+ 17. cxb3 Nd5 18. h4 Ba6 19. Qf3 Qb6 20. Be3 Nxe3 21. fxe3 Bf6
22. Nf7 c5 23. h5 Qxe6 24. hxg6 Qxb3 25. Nh6+ Kh8 26. Nf7+ Rxf7 $4 (26... Kg8
$11) 27. Qxa8+ Kg7 28. Rxh7+ Kxg6 29. Qg8+ Bg7 30. Rxg7+ 1-0

[Event "WLS-ch"]
[Site "Ogmore-by-Sea"]
[Date "1992.04.18"]
[Round "3"]
[White "Smith, David"]
[Black "Evans, David K"]
[Result "1/2-1/2"]
[WhiteElo "1905"]
[BlackElo "2050"]
[PlyCount "89"]
[EventDate "1992.04.17"]
[EventType "swiss"]
[EventRounds "7"]
[EventCountry "WLS"]
[SourceTitle "BritBase"]
[Source "John Saunders"]
[SourceDate "2024.03.28"]
[SourceVersion "1"]
[SourceVersionDate "2024.03.28"]
[SourceQuality "1"]

1. Nf3 Nf6 2. b4 d6 3. Bb2 e5 4. d3 Bg4 5. c4 Be7 6. Nbd2 O-O 7. h3 Bh5 8. g3
c6 9. Bg2 Nbd7 10. O-O h6 11. a4 Bg6 12. e4 Qc7 13. Rc1 Rfe8 14. Nb3 Bf8 15. b5
Rad8 16. Ba3 Nc5 17. Nxc5 dxc5 18. Qb3 Bh7 19. Bb2 Nd7 20. Rfe1 g6 21. Bc3 Bg7
22. Bd2 f5 23. Nh2 cxb5 24. axb5 Nf8 25. Ra1 b6 26. Ra3 f4 27. Rea1 fxg3 28.
fxg3 Re7 29. Qa2 Rdd7 30. h4 Qd6 31. Ng4 h5 32. Ne3 Ne6 33. Nd5 Rf7 34. Be3 Kh8
35. Rf1 Rxf1+ 36. Bxf1 Qb8 37. Bh3 Bg8 38. Rc3 Rb7 39. Rc2 Nd4 40. Rf2 Be6 41.
Bxe6 Nxe6 42. Qd2 Qd8 43. Bh6 Rd7 44. Bg5 Nxg5 45. Qxg5 1/2-1/2

[Event "WLS-ch"]
[Site "Ogmore-by-Sea"]
[Date "1992.04.18"]
[Round "3"]
[White "Smith, Jeff R"]
[Black "Fish, Andrew"]
[Result "1/2-1/2"]
[WhiteElo "2165"]
[BlackElo "2030"]
[PlyCount "79"]
[EventDate "1992.04.17"]
[EventType "swiss"]
[EventRounds "7"]
[EventCountry "WLS"]
[SourceTitle "BritBase"]
[Source "John Saunders"]
[SourceDate "2024.03.28"]
[SourceVersion "1"]
[SourceVersionDate "2024.03.28"]
[SourceQuality "1"]

1. c4 c5 2. Nc3 g6 3. Nf3 Bg7 4. d4 cxd4 5. Nxd4 Nc6 6. Nc2 d6 7. e4 Bxc3+ 8.
bxc3 Nf6 9. f3 Qc7 10. Be2 Be6 11. Ne3 O-O 12. Nd5 Bxd5 13. cxd5 Ne5 14. Qd4
Rfc8 15. Bd2 Qc5 16. O-O Qxd4+ 17. cxd4 Rc2 18. dxe5 Rxd2 19. exf6 Rxe2 20.
fxe7 Re8 21. Rf2 Rxf2 22. Kxf2 Rxe7 23. Rc1 Kf8 24. Ke3 Ke8 25. Rc8+ Kd7 26.
Ra8 a6 27. Rf8 f5 28. Kd4 fxe4 29. fxe4 Kc7 30. Rf6 Kd7 31. g4 b5 32. h4 a5 33.
h5 gxh5 34. gxh5 Re8 35. Rf7+ Re7 36. Rxe7+ Kxe7 37. e5 dxe5+ 38. Kxe5 b4 39.
Kd4 Kd6 40. h6 1/2-1/2

[Event "WLS-ch"]
[Site "Ogmore-by-Sea"]
[Date "1992.04.18"]
[Round "3"]
[White "Smith, NJ"]
[Black "Evans, Deborah M"]
[Result "0-1"]
[WhiteElo "1780"]
[BlackElo "1960"]
[PlyCount "120"]
[EventDate "1992.04.17"]
[EventType "swiss"]
[EventRounds "7"]
[EventCountry "WLS"]
[SourceTitle "BritBase"]
[Source "John Saunders"]
[SourceDate "2024.03.28"]
[SourceVersion "1"]
[SourceVersionDate "2024.03.28"]
[SourceQuality "1"]

1. d4 d5 2. Nf3 c5 3. c4 e6 4. e3 Nc6 5. Nc3 Nf6 6. cxd5 exd5 7. Be2 cxd4 8.
Nxd4 Be7 9. O-O O-O 10. b3 Re8 11. Bb2 a6 12. Rc1 Be6 13. Na4 Rc8 14. Nxc6 bxc6
15. Bxa6 Rc7 16. Bd4 Nd7 17. Bd3 c5 18. Bc3 Qa8 19. f4 f5 20. Bc2 Rec8 21. Rf3
Qa7 22. Bxf5 Bf7 23. Rg3 d4 24. Bb2 Bf6 25. exd4 cxd4 26. Rxc7 Rxc7 27. Bd3 Nf8
28. Ba3 Ne6 29. Bd6 Rc6 30. Be5 Bxe5 31. fxe5 Qc7 32. Bc4 Qxe5 33. Nb2 Nf4 34.
Bxf7+ Kxf7 35. Rf3 Kg8 36. Nd3 Nxd3 37. Rxd3 Qg5 38. a4 Rc1 39. Rxd4 Qe3+ 40.
Kf1 Rxd1+ 41. Rxd1 Qxb3 42. Re1 Qxa4 43. Kg1 Qd4+ 44. Kh1 Qf2 45. Rb1 h5 46. h3
Kh7 47. Kh2 Kh6 48. Rb4 Qd2 49. Rb1 Qf4+ 50. Kg1 g5 51. Rb6+ Kg7 52. Rb7+ Kf6
53. Rb3 g4 54. Rd3 Qc1+ 55. Kh2 Qe1 56. Rb3 Qf2 57. Rd3 Kg5 58. hxg4 hxg4 59.
Rd1 Qh4+ 60. Kg1 g3 0-1

[Event "WLS-ch"]
[Site "Ogmore-by-Sea"]
[Date "1992.04.18"]
[Round "3"]
[White "Sullivan, Jason D"]
[Black "Richmond Garwell, Jane"]
[Result "0-1"]
[WhiteElo "2090"]
[BlackElo "2125"]
[PlyCount "122"]
[EventDate "1992.04.17"]
[EventType "swiss"]
[EventRounds "7"]
[EventCountry "WLS"]
[SourceTitle "BritBase"]
[Source "John Saunders"]
[SourceDate "2024.03.28"]
[SourceVersion "1"]
[SourceVersionDate "2024.03.28"]
[SourceQuality "1"]

1. Nf3 e6 2. g3 c5 3. Bg2 Nc6 4. O-O Nf6 5. d3 d5 6. Nbd2 Be7 7. e4 O-O 8. e5
Nd7 9. Re1 f6 10. exf6 Nxf6 11. Nf1 Bd6 12. Ne3 Kh8 13. Bd2 e5 14. Ng5 Ne7 15.
c4 h6 16. Nf3 d4 17. Nd5 Nfxd5 18. cxd5 Ng6 19. Ng5 Bf5 20. Ne4 Qd7 21. Qh5 Kh7
22. g4 Bxg4 23. Ng5+ Kg8 24. Qxg6 hxg5 25. Qxg5 Qf5 26. Qh4 Qh5 27. Qg3 Rf6 28.
Be4 Raf8 29. Rf1 Rf3 30. Bxf3 Rxf3 31. Qg2 Bh3 32. Qg5 Qxg5+ 33. Bxg5 Bxf1 34.
Kxf1 Rxd3 35. Ke2 Rh3 36. Rg1 Rxh2 37. Bf6 Bf8 38. Bxe5 Rh5 39. Bb8 Rxd5 40.
Bxa7 c4 41. Rd1 d3+ 42. Kd2 Ra5 43. Bd4 Rxa2 44. Kc3 b5 45. Rg1 Ra4 46. Kd2 Ra6
47. Kc3 Rc6 48. Rg4 g6 49. Rh4 Bg7 50. Bxg7 Kxg7 51. Rd4 Kf6 52. Rd5 Rb6 53.
Kd2 Ke6 54. Rg5 Kf7 55. Rd5 Kf6 56. f4 Re6 57. Rxb5 Re2+ 58. Kd1 Rf2 59. Rb4
Rxf4 60. b3 Rf1+ 61. Kd2 Rf2+ 0-1

[Event "WLS-ch"]
[Site "Ogmore-by-Sea"]
[Date "1992.04.18"]
[Round "3"]
[White "Summers, Charles B"]
[Black "May, Adam John"]
[Result "1/2-1/2"]
[WhiteElo "1950"]
[BlackElo "1840"]
[PlyCount "33"]
[EventDate "1992.04.17"]
[EventType "swiss"]
[EventRounds "7"]
[EventCountry "WLS"]
[SourceTitle "BritBase"]
[Source "John Saunders"]
[SourceDate "2024.03.28"]
[SourceVersion "1"]
[SourceVersionDate "2024.03.28"]
[SourceQuality "1"]

1. e4 e5 2. d4 exd4 3. c3 dxc3 4. Bc4 Nc6 5. Nf3 Bb4 6. O-O d6 7. Qb3 Qe7 8.
Bg5 Nf6 9. Nxc3 Bxc3 10. Qxc3 Ne5 11. Rfe1 O-O 12. Bb3 Re8 13. Nd2 h6 14. Bh4
Be6 15. f4 Ng6 16. Bxf6 gxf6 17. Ba4 1/2-1/2

[Event "WLS-ch"]
[Site "Ogmore-by-Sea"]
[Date "1992.04.18"]
[Round "3"]
[White "Thornton, John D"]
[Black "Evans, John S"]
[Result "1-0"]
[WhiteElo "2080"]
[BlackElo "2000"]
[PlyCount "63"]
[EventDate "1992.04.17"]
[EventType "swiss"]
[EventRounds "7"]
[EventCountry "WLS"]
[SourceTitle "BritBase"]
[Source "John Saunders"]
[SourceDate "2024.03.28"]
[SourceVersion "1"]
[SourceVersionDate "2024.03.28"]
[SourceQuality "1"]

1. e4 e6 2. d4 d5 3. Nc3 dxe4 4. Nxe4 Nd7 5. Nf3 Be7 6. Bd3 Ngf6 7. O-O Nxe4 8.
Bxe4 Nf6 9. Bd3 O-O 10. Ne5 c5 11. dxc5 Qc7 12. Qe2 Qxc5 13. Bd2 Rd8 14. Kh1 b5
15. f4 Bb7 16. Be3 Qb4 17. c3 Qd6 18. Rad1 Qc7 19. Bxb5 Nd5 20. Bd4 Bd6 21. Bd3
Rac8 22. Qh5 g6 23. Qg4 f5 24. Qg3 Bf8 25. Nxg6 hxg6 26. Qxg6+ Bg7 27. Qxe6+
Qf7 28. Bxf5 Ra8 29. Bh7+ Kf8 30. Bc5+ Ne7 31. Bxe7+ Qxe7 32. Qg8# 1-0

[Event "WLS-ch"]
[Site "Ogmore-by-Sea"]
[Date "1992.04.19"]
[Round "4"]
[White "Bennett, Roger BA"]
[Black "Summers, Charles B"]
[Result "1-0"]
[WhiteElo "1905"]
[BlackElo "1950"]
[PlyCount "59"]
[EventDate "1992.04.17"]
[EventType "swiss"]
[EventRounds "7"]
[EventCountry "WLS"]
[SourceTitle "BritBase"]
[Source "John Saunders"]
[SourceDate "2024.03.28"]
[SourceVersion "1"]
[SourceVersionDate "2024.03.28"]
[SourceQuality "1"]

1. e4 c5 2. Nc3 Nc6 3. f4 d6 4. Bc4 e6 5. Nf3 a6 6. a3 Nge7 7. O-O g6 8. Qe1
Bg7 9. f5 b5 10. Ba2 c4 11. fxe6 Bxe6 12. Ng5 Nd4 13. Qf2 O-O 14. d3 h6 15. Nh3
Nec6 16. dxc4 bxc4 17. Nd5 f5 18. Bxc4 fxe4 19. Nhf4 g5 20. Nxe6 Rxf2 21. Nxd8
Rxf1+ 22. Kxf1 Rxd8 23. c3 Rf8+ 24. Kg1 Ne5 25. Bxa6 Nc2 26. Rb1 Nd3 27. Bxd3
exd3 28. Bd2 Rb8 29. Nb4 Nxb4 30. axb4 1-0

[Event "WLS-ch"]
[Site "Ogmore-by-Sea"]
[Date "1992.04.19"]
[Round "4"]
[White "Bevan, Peter M"]
[Black "Richmond, Peter Allan"]
[Result "0-1"]
[WhiteElo "2050"]
[BlackElo "2220"]
[PlyCount "48"]
[EventDate "1992.04.17"]
[EventType "swiss"]
[EventRounds "7"]
[EventCountry "WLS"]
[SourceTitle "BritBase"]
[Source "John Saunders"]
[SourceDate "2024.03.28"]
[SourceVersion "1"]
[SourceVersionDate "2024.03.28"]
[SourceQuality "1"]

1. d4 Nf6 2. Nf3 g6 3. Nc3 d5 4. Bf4 Bg7 5. e3 O-O 6. Be2 c5 7. dxc5 Qa5 8. Nd2
Qxc5 9. Nb3 Qb6 10. Nb5 Na6 11. Be5 Bg4 12. Bd4 Qxb5 13. Bxb5 Bxd1 14. Bxa6
Bxc2 15. Bxb7 Rab8 16. Nc5 Ne4 17. Rc1 Nxc5 18. Bxc5 Be4 19. Bxe7 Rfe8 20. Rc7
Be5 21. Rd7 Bf5 22. Rxd5 Rxe7 23. Ba6 Rxb2 24. O-O Rxa2 0-1

[Event "WLS-ch"]
[Site "Ogmore-by-Sea"]
[Date "1992.04.19"]
[Round "4"]
[White "Campbell, J"]
[Black "Thornton, John D"]
[Result "1/2-1/2"]
[WhiteElo "1840"]
[BlackElo "2080"]
[PlyCount "55"]
[EventDate "1992.04.17"]
[EventType "swiss"]
[EventRounds "7"]
[EventCountry "WLS"]
[SourceTitle "BritBase"]
[Source "John Saunders"]
[SourceDate "2024.03.28"]
[SourceVersion "1"]
[SourceVersionDate "2024.03.28"]
[SourceQuality "1"]

1. e4 e5 2. Bc4 Bc5 3. Nf3 Nc6 4. b4 Bxb4 5. c3 Ba5 6. O-O Bb6 7. d4 Qe7 8. Ba3
d6 9. Bb5 exd4 10. cxd4 Bd7 11. e5 O-O-O 12. exd6 cxd6 13. Nc3 Bg4 14. Nd5 Qe4
15. Nxb6+ axb6 16. Qa4 Na5 17. Bb4 Bxf3 18. Bxa5 Qg4 19. g3 Qh3 20. Rfc1+ Kb8
21. Bf1 Qd7 22. Qxd7 Rxd7 23. Bxb6 Nf6 24. Bb5 Bc6 25. Bxc6 bxc6 26. Rxc6 Kb7
27. Rac1 Ra8 28. d5 1/2-1/2

[Event "WLS-ch"]
[Site "Ogmore-by-Sea"]
[Date "1992.04.19"]
[Round "4"]
[White "Dawson, Gary B"]
[Black "Smith, Jeff R"]
[Result "1/2-1/2"]
[WhiteElo "2010"]
[BlackElo "2165"]
[PlyCount "136"]
[EventDate "1992.04.17"]
[EventType "swiss"]
[EventRounds "7"]
[EventCountry "WLS"]
[SourceTitle "BritBase"]
[Source "John Saunders"]
[SourceDate "2024.03.28"]
[SourceVersion "1"]
[SourceVersionDate "2024.03.28"]
[SourceQuality "1"]

1. Nf3 Nf6 2. c4 e6 3. g3 b6 4. Bg2 Bb7 5. O-O Be7 6. d3 O-O 7. e4 d6 8. Nc3
Nbd7 9. Qe2 c5 10. Ne1 Qc7 11. f4 Rad8 12. g4 Ne8 13. Nc2 a6 14. g5 Bc6 15. b3
b5 16. Bb2 Nb6 17. Ne3 Qb7 18. h4 b4 19. Ncd1 f5 20. gxf6 Bxf6 21. Bxf6 Nxf6
22. Nf2 Kh8 23. Bh3 Qf7 24. Kh2 Nh5 25. f5 Nf4 26. Qg4 e5 27. Rg1 Nd7 28. Ng2
Nf6 29. Qf3 Qh5 30. Qxh5 N6xh5 31. Bg4 Nxg2 32. Rxg2 Nf4 33. Rg3 a5 34. Nh3
Nxh3 35. Kxh3 a4 36. a3 axb3 37. axb4 cxb4 38. Rb1 Ba4 39. Bd1 Ra8 40. Bxb3 Bd7
41. Kh2 Ra3 42. Rg2 Rb8 43. Rgb2 Ba4 44. Bxa4 Rxa4 45. Kg3 Kg8 46. Kf3 Kf7 47.
Ke3 Kf6 48. Rb3 g6 49. fxg6 Kxg6 50. Kf3 Kh5 51. Kg3 Rg8+ 52. Kh3 Ra2 53. R1b2
Ra1 54. Rb1 Ra2 55. R1b2 Ra1 56. Rb1 Rxb1 57. Rxb1 Rg4 58. Rxb4 Rxh4+ 59. Kg3
Rg4+ 60. Kh3 Rf4 61. Kg3 Kg5 62. Rb7 Rg4+ 63. Kh3 Rf4 64. Kg3 h5 65. Rg7+ Kh6
66. Rd7 Rf6 67. c5 dxc5 68. Rd5 Re6 1/2-1/2

[Event "WLS-ch"]
[Site "Ogmore-by-Sea"]
[Date "1992.04.19"]
[Round "4"]
[White "Evans, David K"]
[Black "Rice, John P"]
[Result "1-0"]
[WhiteElo "2050"]
[BlackElo "1810"]
[PlyCount "53"]
[EventDate "1992.04.17"]
[EventType "swiss"]
[EventRounds "7"]
[EventCountry "WLS"]
[SourceTitle "BritBase"]
[Source "John Saunders"]
[SourceDate "2024.03.28"]
[SourceVersion "1"]
[SourceVersionDate "2024.03.28"]
[SourceQuality "1"]

1. e4 c5 2. Nc3 d6 3. f4 Nc6 4. Bc4 e6 5. Nf3 a6 6. a4 g6 7. O-O Bg7 8. f5 exf5
9. d3 Be6 10. Bg5 Bf6 11. exf5 Bxc4 12. Qe1+ Kd7 13. Bxf6 Nxf6 14. dxc4 Re8 15.
Qh4 Nh5 16. Qh3 Kc7 17. g4 Nf6 18. Ng5 Ne5 19. fxg6 hxg6 20. Rxf6 Rh8 21. Qf1
Nxg4 22. Rxf7+ Kb6 23. a5+ Ka7 24. Qg2 Qc8 25. Nb5+ axb5 26. a6 Rxh2 27. Rxb7+
1-0

[Event "WLS-ch"]
[Site "Ogmore-by-Sea"]
[Date "1992.04.19"]
[Round "4"]
[White "Evans, Deborah M"]
[Black "Rees, Gwynfor"]
[Result "0-1"]
[WhiteElo "1960"]
[BlackElo "2010"]
[PlyCount "120"]
[EventDate "1992.04.17"]
[EventType "swiss"]
[EventRounds "7"]
[EventCountry "WLS"]
[SourceTitle "BritBase"]
[Source "John Saunders"]
[SourceDate "2024.03.28"]
[SourceVersion "1"]
[SourceVersionDate "2024.03.28"]
[SourceQuality "1"]

1. e4 e5 2. Nf3 Nc6 3. Bb5 f5 4. d3 fxe4 5. dxe4 Nf6 6. O-O Bc5 7. Bg5 d6 8.
Nbd2 O-O 9. c3 Qe8 10. b4 Bb6 11. Nc4 Qg6 12. Nxb6 axb6 13. Re1 Bg4 14. Bxf6
Rxf6 15. Qb3+ Kh8 16. Nh4 Qg5 17. g3 Qd2 18. f3 Bxf3 19. a4 Bg4 20. Bf1 Raf8
21. Qc4 Rf2 22. Qd3 Rxh2 23. Qxd2 Rxd2 24. Ng2 Bh3 25. Re2 Rxe2 26. Bxe2 Bxg2
27. Kxg2 g5 28. Rh1 Kg7 29. Bc4 Ne7 30. Rh5 h6 31. Rh1 Ng8 32. Rd1 Nf6 33. Re1
Ng4 34. Re2 h5 35. Be6 Nh6 36. Rd2 g4 37. Bd5 c6 38. Be6 Rd8 39. Rf2 Re8 40.
Bb3 Rf8 41. Rd2 Rf6 42. Rd3 Nf7 43. Bd1 Ng5 44. Re3 Nh3 45. Re2 Kh6 46. Rd2 Kg5
47. c4 c5 48. bxc5 bxc5 49. a5 Kg6 50. Ba4 Ng5 51. Rb2 Nxe4 52. Be8+ Kh6 53.
Bd7 Rf3 54. Bc8 Rxg3+ 55. Kh1 Ra3 56. Bxb7 Ng3+ 57. Kg2 Nf5 58. a6 Ne3+ 59. Kg1
g3 60. Rb1 Nxc4 0-1

[Event "WLS-ch"]
[Site "Ogmore-by-Sea"]
[Date "1992.04.19"]
[Round "4"]
[White "Fletcher, John"]
[Black "Jones, Iolo Cerredig"]
[Result "0-1"]
[WhiteElo "1885"]
[BlackElo "2285"]
[PlyCount "88"]
[EventDate "1992.04.17"]
[EventType "swiss"]
[EventRounds "7"]
[EventCountry "WLS"]
[SourceTitle "BritBase"]
[Source "John Saunders"]
[SourceDate "2024.03.28"]
[SourceVersion "1"]
[SourceVersionDate "2024.03.28"]
[SourceQuality "1"]

1. d4 Nf6 2. c4 d6 3. Nc3 e5 4. Nf3 Nbd7 5. e4 Be7 6. Be2 O-O 7. O-O c6 8. Re1
a6 9. a3 b5 10. b4 Bb7 11. dxe5 Nxe5 12. Nxe5 dxe5 13. c5 a5 14. Bb2 Qc7 15.
Qd3 Bc8 16. Qg3 Be6 17. Rad1 axb4 18. axb4 Rfd8 19. Bc1 Rxd1 20. Bxd1 Nd7 21.
f4 Bf6 22. f5 Bc4 23. Qg4 Nb8 24. Re3 Kf8 25. Nb1 Ra1 26. Bc2 Ba2 27. Ra3 Bxb1
28. Rxa1 Bxc2 29. Qe2 Ba4 30. Ra3 Qe7 31. Rd3 Bg5 32. Bb2 Na6 33. Bc3 Bb3 34.
Rd6 Nb8 35. Qd3 Bc4 36. Qd1 Bf6 37. Qa1 Ke8 38. Qa5 Qb7 39. Bxe5 Be7 40. Rd2 f6
41. Bf4 Nd7 42. Bc7 Ne5 43. Rd1 Bb3 44. Rd4 Nc4 0-1